Ambedkar and buddhism (Record no. 405952)

000 -LEADER
fixed length control field 00398cam a22001457a 4500
008 - FIXED-LENGTH DATA ELEMENTS--GENERAL INFORMATION
fixed length control field 180718b2006 xxu||||| |||| 00| 0 eng d
020 ## - INTERNATIONAL STANDARD BOOK NUMBER
International Standard Book Number 8120830237
082 ## - DEWEY DECIMAL CLASSIFICATION NUMBER
Classification number A99Am16 Sa58A
100 ## - MAIN ENTRY--PERSONAL NAME
Personal name Sangharakshita
245 ## - TITLE STATEMENT
Title Ambedkar and buddhism
Statement of responsibility, etc. by Sangharakshita
260 ## - PUBLICATION, DISTRIBUTION, ETC.
Place of publication, distribution, etc. Delhi
Name of publisher, distributor, etc. Motilal
Date of publication, distribution, etc. 2006
300 ## - PHYSICAL DESCRIPTION
Extent 181p.
650 ## - SUBJECT ADDED ENTRY--TOPICAL TERM
Topical term or geographic name entry element BuddhismB
650 ## - SUBJECT ADDED ENTRY--TOPICAL TERM
Topical term or geographic name entry element mbedkar,B.R - Criticism and interpretation
Holdings
Withdrawn status Lost status Damaged status Not for loan Permanent Location Current Location Date acquired Full call number Barcode Date last seen Price effective from Koha item type
        Indian Institute of Public Administration Indian Institute of Public Administration 2006-08-28 A99Am16 Sa58 81099 2018-07-21 2018-07-21 Book

Powered by Koha